Pays où l'italien est la langue officielle - Statistiques

Statistiques générales
  • Ce quiz a été pris 190 fois
  • Le résultat moyen est 4 sur 6
Statistiques - réponses
Pays % Correct
Italie
100%
Vatican
86%
Saint-Marin
83%
Suisse (cantons du Tessin et des Grisons)
83%
Slovénie (certaines communes)
50%
Croatie (certaines communes)
38%
Aucun quiz correspondant
Distribution des résultats
% des personnes avec chaque résultat
Percentile par nombre de réponses
Votre historique - résultats
Vous n’avez pas pris ce quiz